MARC

LEADER 00000nas a2200000 4500
001 ssj0001827126
003 WaSeSS
005 20200512172242.0
006 m d
007 cr n
008 780315u1974uuuuck fr p s o 0 0spa
010 |a  77644945  
022 |l 0120-8454  |y 0120-8454 
035 |a (WaSeSS)ssj0001827126 
040 |a DLC  |b eng  |c DLC  |d NST  |d OCL  |d NST  |d HUL  |d IXA  |d OCL  |d OCLCO  |d OCLCQ  |d OCLCF  |d OCLCO  |d CUS  |d OCLCO  |d OCLCA  |d OCLCQ  |d WaSeSS 
042 |a pcc 
043 |a s-ck---  |a cl----- 
050 0 0 |a AS82.B76  |b A35 
130 0 |a Colección Análisis (Bogotá, Colombia) 
222 0 |a Análisis 
245 1 0 |a Análisis  |h [electronic resource]. 
260 |a Bogotá,  |b Universidad Santo Tomás. 
310 |a Semiannual 
362 0 |a v. 8- (no. 19- ); enero/jun. 1974- 
500 |a "Publicación ... de investigación e información." 
500 |a Some issues also have distinctive titles. 
506 |a License restrictions may limit access. 
650 0 |a Philosophy  |z Latin America  |v Periodicals. 
650 7 |a Philosophy.  |2 fast  |0 (OCoLC)fst01060777 
651 0 |a Colombia  |v Periodicals. 
651 7 |a Colombia.  |2 fast  |0 (OCoLC)fst01205916 
651 7 |a Latin America.  |2 fast  |0 (OCoLC)fst01245945 
655 0 |a Electronic journals. 
710 2 |a Universidad de Santo Tomás (Bogotá, Colombia) 
780 0 0 |t Universidad de Santo Tomás  |w (DLC) 78428820  |w (OCoLC)5146736 
850 |a CSt  |a CtY  |a DLC  |a InU  |a MH  |a MoSU 
856 4 0 |z Full text available from PRISMA Database with HAPI Index: 01/01/2016 to 01/31/2017  |u https://search.proquest.com/publication/2044548